000
00212 a2200097 4500
001
14387
100
_a
Hoglen, L
245
_a
Science in authority
260
_a
London
_b
Unwin univ book
_c
090
_c
11280
_d
11280
942
_a
NUST-CAE
_c
M
_c
1426
999
_c
249460
_d
249460